000 00896nam0a22002771 4500
001 RU\NLR\A1SV\84541
005 20260407210403.0
035 _a(NLR Aleph) 009765951
090 _a10037244
_c10037244
100 _a20080116d1926 u y0rusy50 ca
101 0 _arus
102 _aRU
200 1 _aИнструкция по ведению счетоводства заводами треста "Жиркость", "Тэже"
_eНа 1926-1927 год
210 _aБ.м.
_d1926
215 _a147 с.
_d35 см
300 _aНа правах рукоп.
300 _aЛитогр.
710 0 2 _a"Жиркость", трест
_cМосква
_3RU\NLR\AUTH\8810139026
_9773280
711 0 2 _a"ТЭЖЭ", трест
_cМосква
_9790765
_3RU\NLR\AUTH\880561802
801 0 _aRU
_bNLR
_c20080116
899 _aРГБ
899 _aРГБ
942 _cBOOK
980 _aNB
980 _aA1SV